000 00661nam a2200145 a 4500
008 100510s2009 ||||||||||||||||| || u
050 _aTHESIS/MBA
100 _aManda, Paul M
245 1 0 _aHuman resource development and workplace innovation and performance:a case of the Zambia National Tender Board
260 _aKitwe
_bCopperbelt University, School of Business, Department of Postgraduate studies
_c2009
350 _a0.00
650 _aHUMAN RESOURCES DEVELOPMENT--ZAMBIA
650 _aLABOUR
995 _D0.00
_FCBU-MAIN LIBRARY (Kitwe)
_H1
_I0.00
_M1
_UAVAILABLE
_WMay 10, 2010
_ZUniversity Collection
999 _c45927
_d45927